[Event "Turniej Blitza na II Lidze Juniorów 2018"]
[Site "Szczyrk, Poland"]
[Date "????.??.??"]
[Round "8.19"]
[White "Sidorczuk, Pawel"]
[Black "Majek, Kacper"]
[Result "0-1"]
[TimeControl "3'+2\""]
[WhiteElo "1120"]
[BlackElo "1687"]

1. e4 {[%clk 00:03:03]} {[%emt 00:01:33]} b6 {[%clk 00:03:04]} {[%emt
00:00:01]} 2. d4 {[%clk 00:03:02]} {[%emt 00:00:02]} Bb7 {[%clk 00:03:05]} 3.
Nc3 {[%clk 00:03:02]} {[%emt 00:00:03]} e6 {[%clk 00:03:06]} {[%emt 00:00:01]}
4. Nf3 {[%clk 00:02:51]} {[%emt 00:00:13]} Bb4 {[%clk 00:03:07]} {[%emt
00:00:01]} 5. Bd3 {[%clk 00:02:50]} {[%emt 00:00:03]} Nf6 {[%clk 00:03:07]}
{[%emt 00:00:02]} 6. Qe2 {[%clk 00:02:50]} {[%emt 00:00:02]} d5 {[%clk
00:03:08]} {[%emt 00:00:01]} 7. Bg5 {[%clk 00:02:45]} {[%emt 00:00:07]} dxe4
{[%clk 00:03:03]} {[%emt 00:00:07]} 8. Bxe4 {[%clk 00:02:45]} {[%emt 00:00:01]}
Bxe4 {[%clk 00:02:45]} {[%emt 00:00:20]} 9. Bxf6 {[%clk 00:02:45]} {[%emt
00:00:02]} Bxc3+ {[%clk 00:02:40]} {[%emt 00:00:08]} 10. bxc3 {[%clk 00:02:46]}
{[%emt 00:00:01]} Qd5 {[%clk 00:02:40]} {[%emt 00:00:02]} 11. Be5 {[%clk
00:02:31]} {[%emt 00:00:17]} Nd7 {[%clk 00:02:38]} {[%emt 00:00:04]} 12. Bg3
{[%clk 00:02:24]} {[%emt 00:00:08]} Bxf3 {[%clk 00:02:35]} {[%emt 00:00:06]} 13.
gxf3 {[%clk 00:02:25]} {[%emt 00:00:01]} c5 {[%clk 00:02:34]} {[%emt 00:00:03]}
14. Qe4 {[%clk 00:02:24]} {[%emt 00:00:02]} Nf6 {[%clk 00:02:14]} {[%emt
00:00:22]} 15. Qe3 {[%clk 00:02:06]} {[%emt 00:00:20]} Rc8 {[%clk 00:01:57]}
{[%emt 00:00:19]} 16. Kd2 {[%clk 00:01:45]} {[%emt 00:00:24]} Qc4 {[%clk
00:01:29]} {[%emt 00:00:29]} 17. Rhc1 {[%clk 00:01:39]} {[%emt 00:00:08]} Nd5
{[%clk 00:01:25]} {[%emt 00:00:08]} 18. Qe5 {[%clk 00:01:32]} {[%emt 00:00:08]}
Qxc3+ {[%clk 00:01:24]} {[%emt 00:00:03]} 19. Ke2 {[%clk 00:01:24]} {[%emt
00:00:09]} Qxd4 {[%clk 00:01:15]} {[%emt 00:00:11]} 20. Qg5 {[%clk 00:01:08]}
{[%emt 00:00:18]} Qc4+ {[%clk 00:00:54]} {[%emt 00:00:24]} 21. Ke1 {[%clk
00:01:06]} {[%emt 00:00:04]} Nc3 {[%clk 00:00:49]} {[%emt 00:00:07]} 22. Qe3
{[%clk 00:00:59]} {[%emt 00:00:09]} Rd8 {[%clk 00:00:41]} {[%emt 00:00:11]} 23.
Be5 {[%clk 00:00:54]} {[%emt 00:00:06]} Nd5 {[%clk 00:00:30]} {[%emt 00:00:12]}
24. Qg5 {[%clk 00:00:45]} {[%emt 00:00:11]} Rg8 {[%clk 00:00:19]} {[%emt
00:00:14]} 25. Rd1 {[%clk 00:00:27]} {[%emt 00:00:20]} Ne7 {[%clk 00:00:18]}
{[%emt 00:00:02]} 26. Rxd8+ {[%clk 00:00:23]} {[%emt 00:00:07]} Kxd8 {[%clk
00:00:19]} 27. Rd1+ {[%clk 00:00:21]} {[%emt 00:00:04]} Ke8 {[%clk 00:00:21]}
{[%emt 00:00:01]} 28. Bd6 {[%clk 00:00:15]} {[%emt 00:00:07]} Qc3+ {[%clk
00:00:18]} {[%emt 00:00:05]} 29. Kf1 {[%clk 00:00:13]} {[%emt 00:00:03]} Qf6
{[%clk 00:00:15]} {[%emt 00:00:05]} 30. Qd2 {[%clk 00:00:04]} {[%emt 00:00:12]}
g6 {[%clk 00:00:08]} {[%emt 00:00:08]} 31. Be5 {[%clk 00:00:00]} {[%emt
00:00:06]} 0-1

[Event "Turniej Blitza na II Lidze Juniorów 2018"]
[Site "Szczyrk, Poland"]
[Date "????.??.??"]
[Round "8.41"]
[White "Majdanski, Maksymilian"]
[Black "Pancewicz, Szymon"]
[Result "1-0"]
[TimeControl "3'+2\""]
[WhiteElo "1461"]
[BlackElo "1258"]

1. d4 {[%clk 00:03:03]} Nf6 {[%clk 00:03:01]} {[%emt 00:00:03]} 2. c4 {[%clk
00:03:05]} g6 {[%clk 00:03:01]} {[%emt 00:00:03]} 3. Nc3 {[%clk 00:03:06]} Bg7
{[%clk 00:03:02]} {[%emt 00:00:01]} 4. e4 {[%clk 00:03:07]} {[%emt 00:00:01]}
d6 {[%clk 00:03:03]} {[%emt 00:00:01]} 5. f3 {[%clk 00:03:08]} O-O {[%clk
00:02:57]} {[%emt 00:00:08]} 6. Be3 {[%clk 00:03:09]} e5 {[%clk 00:02:55]}
{[%emt 00:00:04]} 7. d5 {[%clk 00:03:04]} {[%emt 00:00:07]} Nbd7 {[%clk
00:02:52]} {[%emt 00:00:05]} 8. Qd2 {[%clk 00:03:01]} {[%emt 00:00:04]} Ne8
{[%clk 00:02:45]} {[%emt 00:00:09]} 9. g4 {[%clk 00:02:51]} {[%emt 00:00:12]}
f5 {[%clk 00:02:35]} {[%emt 00:00:13]} 10. gxf5 {[%clk 00:02:44]} {[%emt
00:00:09]} gxf5 {[%clk 00:02:35]} {[%emt 00:00:01]} 11. exf5 {[%clk 00:02:46]}
Rxf5 {[%clk 00:02:34]} {[%emt 00:00:03]} 12. Bd3 {[%clk 00:02:46]} {[%emt
00:00:02]} Rh5 {[%emt 00:00:14]} 13. O-O-O {[%clk 00:02:35]} {[%emt 00:00:12]}
c6 {[%clk 00:02:07]} {[%emt 00:00:18]} 14. Nge2 {[%clk 00:02:28]} {[%emt
00:00:09]} a6 {[%clk 00:02:02]} {[%emt 00:00:07]} 15. Ng3 {[%clk 00:02:24]}
{[%emt 00:00:05]} Rh4 {[%clk 00:01:57]} {[%emt 00:00:07]} 16. Bg5 {[%clk
00:02:12]} {[%emt 00:00:14]} Bf6 {[%clk 00:01:47]} {[%emt 00:00:13]} 17. Bxh4
{[%clk 00:02:06]} {[%emt 00:00:08]} Bxh4 {[%clk 00:01:48]} {[%emt 00:00:01]} 18.
Kb1 {[%clk 00:02:05]} {[%emt 00:00:03]} b5 {[%clk 00:01:47]} {[%emt 00:00:03]}
19. dxc6 {[%clk 00:02:04]} {[%emt 00:00:04]} Nc5 {[%clk 00:01:46]} {[%emt
00:00:02]} 20. cxb5 {[%clk 00:01:56]} {[%emt 00:00:10]} axb5 {[%clk 00:01:37]}
{[%emt 00:00:11]} 21. Bxb5 {[%clk 00:01:56]} {[%emt 00:00:02]} Ba6 {[%clk
00:01:37]} {[%emt 00:00:03]} 22. Bxa6 {[%clk 00:01:45]} {[%emt 00:00:12]} Rxa6
{[%clk 00:01:37]} {[%emt 00:00:02]} 23. Qd5+ {[%clk 00:01:40]} {[%emt
00:00:07]} Kh8 {[%clk 00:01:28]} {[%emt 00:00:11]} 24. Nf5 {[%clk 00:01:21]}
{[%emt 00:00:20]} Be7 {[%clk 00:01:09]} {[%emt 00:00:22]} 25. Nh6 {[%clk
00:01:03]} {[%emt 00:00:20]} Nf6 {[%clk 00:01:01]} {[%emt 00:00:10]} 26. Nf7+
{[%clk 00:01:03]} {[%emt 00:00:01]} Kg7 {[%clk 00:00:59]} {[%emt 00:00:04]} 27.
Nxd8 {[%clk 00:00:40]} {[%emt 00:00:25]} Nxd5 {[%clk 00:00:58]} {[%emt
00:00:03]} 28. Rxd5 {[%clk 00:00:41]} Bxd8 {[%clk 00:00:59]} {[%emt 00:00:02]}
29. Rxd6 {[%clk 00:00:41]} Be7 {[%clk 00:00:55]} {[%emt 00:00:06]} 30. Rd7
{[%clk 00:00:42]} {[%emt 00:00:01]} Nxd7 {[%clk 00:00:56]} {[%emt 00:00:02]} 31.
cxd7 {[%clk 00:00:43]} {[%emt 00:00:01]} Rd6 {[%clk 00:00:56]} {[%emt
00:00:01]} 32. Rd1 {[%clk 00:00:40]} {[%emt 00:00:05]} Rxd1+ 33. Nxd1 {[%clk
00:00:42]} Kf7 {[%clk 00:00:48]} 34. Ne3 {[%clk 00:00:34]} {[%emt 00:00:10]}
Ke6 {[%clk 00:00:47]} {[%emt 00:00:02]} 35. Nc4 {[%emt 00:00:04]} Kd5 {[%clk
00:00:44]} {[%emt 00:00:03]} 36. Ne3+ {[%clk 00:00:23]} {[%emt 00:00:14]} Ke6
{[%clk 00:00:35]} {[%emt 00:00:11]} 37. a4 {[%clk 00:00:21]} {[%emt 00:00:04]}
Kxd7 {[%clk 00:00:35]} {[%emt 00:00:02]} 38. Nf5 {[%clk 00:00:22]} Bb4 {[%clk
00:00:32]} {[%emt 00:00:05]} 39. Kc2 {[%clk 00:00:19]} {[%emt 00:00:05]} Kc6
{[%clk 00:00:30]} {[%emt 00:00:04]} 40. Kb3 {[%clk 00:00:17]} {[%emt 00:00:04]}
Kc5 {[%clk 00:00:30]} {[%emt 00:00:03]} 41. Ne3 {[%clk 00:00:15]} {[%emt
00:00:04]} Bd2 {[%clk 00:00:28]} {[%emt 00:00:03]} 42. Nc4 {[%clk 00:00:17]}
{[%emt 00:00:01]} Bf4 {[%clk 00:00:25]} {[%emt 00:00:04]} 43. h3 {[%clk
00:00:18]} Bg3 {[%clk 00:00:15]} {[%emt 00:00:13]} 44. a5 {[%clk 00:00:19]} Kb5
{[%clk 00:00:16]} {[%emt 00:00:01]} 45. a6 {[%clk 00:00:07]} {[%emt 00:00:14]}
Kxa6 {[%clk 00:00:16]} {[%emt 00:00:02]} 46. Ka4 {[%clk 00:00:09]} Bf4 {[%clk
00:00:09]} {[%emt 00:00:08]} 47. b4 {[%clk 00:00:10]} {[%emt 00:00:01]} Bg3
{[%clk 00:00:09]} {[%emt 00:00:03]} 48. b5+ {[%clk 00:00:11]} Kb7 {[%clk
00:00:09]} {[%emt 00:00:01]} 49. Nd6+ {[%clk 00:00:09]} {[%emt 00:00:04]} Kb6
{[%clk 00:00:09]} {[%emt 00:00:03]} 50. Nc4+ {[%clk 00:00:10]} {[%emt
00:00:01]} Kb7 {[%clk 00:00:10]} 51. Kb3 {[%clk 00:00:11]} Bf4 {[%clk
00:00:09]} {[%emt 00:00:03]} 52. Kc2 {[%clk 00:00:12]} {[%emt 00:00:01]} Bg3
{[%clk 00:00:09]} {[%emt 00:00:02]} 53. Kd3 {[%clk 00:00:13]} Bf4 {[%clk
00:00:05]} {[%emt 00:00:06]} 54. Ke4 {[%clk 00:00:15]} Bg3 {[%clk 00:00:05]}
{[%emt 00:00:02]} 55. Nxe5 {[%clk 00:00:16]} Bxe5 {[%clk 00:00:06]} {[%emt
00:00:01]} 56. Kxe5 {[%clk 00:00:17]} Kb6 {[%clk 00:00:07]} {[%emt 00:00:01]}
57. f4 {[%clk 00:00:18]} Kxb5 {[%clk 00:00:08]} {[%emt 00:00:01]} 58. f5 {[%clk
00:00:19]} Kc6 {[%clk 00:00:09]} 59. Ke6 {[%clk 00:00:21]} {[%emt 00:00:01]}
Kc7 {[%clk 00:00:09]} {[%emt 00:00:01]} 60. Ke7 {[%clk 00:00:21]} Kc6 {[%clk
00:00:10]} 61. f6 {[%clk 00:00:22]} {[%emt 00:00:01]} Kd5 {[%clk 00:00:11]}
{[%emt 00:00:01]} 62. f7 {[%clk 00:00:24]} Ke4 {[%emt 00:00:02]} 63. f8=Q
{[%clk 00:00:24]} Ke3 {[%clk 00:00:13]} 64. Qf5 {[%clk 00:00:25]} {[%emt
00:00:02]} Kd4 {[%clk 00:00:13]} {[%emt 00:00:01]} 65. Kd6 {[%clk 00:00:25]}
Ke3 {[%clk 00:00:14]} {[%emt 00:00:01]} 66. Qg4 {[%clk 00:00:25]} {[%emt
00:00:02]} Kd3 {[%clk 00:00:15]} {[%emt 00:00:01]} 67. Qf4 {[%clk 00:00:26]}
Kc3 {[%clk 00:00:15]} {[%emt 00:00:02]} 68. Qe4 {[%clk 00:00:28]} {[%emt
00:00:01]} Kb3 {[%clk 00:00:16]} 69. Qd4 {[%clk 00:00:29]} Ka3 {[%clk
00:00:17]} {[%emt 00:00:01]} 70. Qc4 {[%clk 00:00:30]} Kb2 {[%clk 00:00:18]}
{[%emt 00:00:01]} 71. Qd3 {[%clk 00:00:31]} {[%emt 00:00:01]} Kc1 {[%clk
00:00:18]} {[%emt 00:00:02]} 72. Qe2 {[%clk 00:00:31]} Kb1 {[%clk 00:00:19]}
{[%emt 00:00:01]} 73. Qd2 {[%clk 00:00:32]} {[%emt 00:00:02]} Ka1 {[%clk
00:00:20]} {[%emt 00:00:01]} 74. Kc5 {[%emt 00:00:02]} h5 {[%clk 00:00:20]}
{[%emt 00:00:01]} 75. Kb4 {[%clk 00:00:33]} {[%emt 00:00:02]} h4 {[%clk
00:00:20]} {[%emt 00:00:01]} 76. Kb3 {[%clk 00:00:34]} 1-0

[Event "Turniej Blitza na II Lidze Juniorów 2018"]
[Site "Szczyrk, Poland"]
[Date "????.??.??"]
[Round "8.2"]
[White "Szadkowski, Kamil"]
[Black "Jaroch, Karol"]
[Result "0-1"]
[TimeControl "3'+2\""]
[WhiteTitle "FM"]
[WhiteElo "2209"]
[BlackElo "2257"]

1. e4 {[%clk 00:03:03]} e6 {[%clk 00:03:03]} 2. d4 {[%clk 00:03:03]} {[%emt
00:00:02]} d5 {[%clk 00:03:04]} 3. Nd2 {[%clk 00:03:04]} Nf6 {[%clk 00:03:05]}
{[%emt 00:00:02]} 4. e5 {[%clk 00:03:05]} {[%emt 00:00:02]} Nfd7 {[%clk
00:03:06]} {[%emt 00:00:01]} 5. Bd3 {[%clk 00:03:05]} {[%emt 00:00:01]} c5
{[%clk 00:03:07]} {[%emt 00:00:02]} 6. c3 {[%clk 00:03:06]} Nc6 {[%clk
00:03:07]} {[%emt 00:00:02]} 7. Ne2 {[%clk 00:03:07]} {[%emt 00:00:01]} Qc7
{[%clk 00:03:07]} {[%emt 00:00:02]} 8. O-O {[%clk 00:03:03]} {[%emt 00:00:06]}
Be7 {[%clk 00:03:08]} {[%emt 00:00:01]} 9. Nf3 {[%clk 00:03:04]} {[%emt
00:00:01]} b6 {[%clk 00:03:08]} {[%emt 00:00:02]} 10. Bg5 {[%clk 00:03:01]}
{[%emt 00:00:04]} h6 {[%clk 00:03:03]} {[%emt 00:00:08]} 11. Be3 {[%clk
00:02:29]} {[%emt 00:00:34]} Bb7 {[%clk 00:03:00]} {[%emt 00:00:05]} 12. Qd2
{[%clk 00:02:27]} {[%emt 00:00:04]} O-O-O {[%clk 00:02:51]} {[%emt 00:00:11]}
13. Rfc1 {[%clk 00:02:23]} {[%emt 00:00:06]} c4 {[%clk 00:02:49]} {[%emt
00:00:04]} 14. Bc2 {[%clk 00:02:24]} f6 {[%clk 00:02:45]} {[%emt 00:00:05]} 15.
exf6 {[%clk 00:02:23]} {[%emt 00:00:04]} gxf6 {[%clk 00:02:46]} {[%emt
00:00:01]} 16. a4 {[%clk 00:02:21]} {[%emt 00:00:04]} Rdg8 {[%clk 00:02:32]}
{[%emt 00:00:16]} 17. b3 {[%clk 00:02:21]} {[%emt 00:00:01]} Na5 {[%clk
00:02:31]} {[%emt 00:00:03]} 18. b4 {[%clk 00:02:07]} {[%emt 00:00:17]} Nc6
{[%clk 00:02:29]} {[%emt 00:00:04]} 19. Nf4 {[%clk 00:02:08]} {[%emt 00:00:01]}
Nf8 {[%clk 00:02:22]} {[%emt 00:00:09]} 20. a5 {[%clk 00:02:05]} {[%emt
00:00:05]} Kb8 {[%clk 00:02:17]} {[%emt 00:00:07]} 21. Nh4 {[%clk 00:01:49]}
{[%emt 00:00:18]} Bd6 {[%clk 00:02:04]} {[%emt 00:00:15]} 22. Nfg6 {[%clk
00:01:49]} {[%emt 00:00:02]} Nxg6 {[%clk 00:02:02]} {[%emt 00:00:04]} 23. Nxg6
{[%clk 00:01:50]} {[%emt 00:00:01]} Rh7 {[%clk 00:02:02]} {[%emt 00:00:02]} 24.
h4 {[%clk 00:01:51]} f5 {[%clk 00:01:59]} {[%emt 00:00:06]} 25. axb6 {[%clk
00:01:42]} {[%emt 00:00:11]} axb6 {[%clk 00:01:59]} {[%emt 00:00:01]} 26. h5
{[%clk 00:01:39]} {[%emt 00:00:06]} Ne7 {[%clk 00:01:42]} {[%emt 00:00:19]} 27.
Nf4 {[%clk 00:01:29]} {[%emt 00:00:13]} Qd7 {[%clk 00:01:42]} {[%emt 00:00:02]}
28. g3 {[%clk 00:01:23]} {[%emt 00:00:07]} Rhg7 {[%clk 00:01:43]} {[%emt
00:00:01]} 29. Ba4 {[%clk 00:01:13]} {[%emt 00:00:12]} b5 {[%clk 00:01:40]}
{[%emt 00:00:05]} 30. Bd1 {[%clk 00:01:14]} {[%emt 00:00:01]} e5 {[%clk
00:01:41]} {[%emt 00:00:02]} 31. dxe5 {[%clk 00:01:10]} {[%emt 00:00:06]} Bxe5
{[%clk 00:01:41]} {[%emt 00:00:01]} 32. Ba7+ {[%clk 00:00:56]} {[%emt
00:00:15]} Kc8 {[%clk 00:01:39]} {[%emt 00:00:05]} 33. Bf3 {[%clk 00:00:53]}
{[%emt 00:00:05]} Qc7 {[%clk 00:01:14]} {[%emt 00:00:27]} 34. Ne6 {[%clk
00:00:37]} {[%emt 00:00:17]} Bxg3 {[%clk 00:01:14]} {[%emt 00:00:02]} 35. Nxc7
{[%clk 00:00:27]} {[%emt 00:00:12]} Bf4+ {[%clk 00:01:14]} {[%emt 00:00:02]} 36.
Kh1 {[%clk 00:00:19]} {[%emt 00:00:10]} Bxd2 {[%clk 00:01:14]} {[%emt
00:00:02]} 37. Rd1 {[%clk 00:00:20]} {[%emt 00:00:01]} Bxc3 {[%clk 00:01:15]}
{[%emt 00:00:01]} 38. Rac1 {[%clk 00:00:17]} {[%emt 00:00:05]} Bb2 {[%clk
00:00:57]} {[%emt 00:00:21]} 39. Rc2 {[%clk 00:00:16]} {[%emt 00:00:03]} Be5
{[%clk 00:00:51]} {[%emt 00:00:06]} 40. Nxb5 {[%clk 00:00:16]} {[%emt
00:00:03]} Rg5 {[%clk 00:00:40]} {[%emt 00:00:13]} 41. Bc5 {[%clk 00:00:15]}
{[%emt 00:00:03]} Nc6 {[%clk 00:00:36]} {[%emt 00:00:07]} 42. Ra1 {[%clk
00:00:11]} {[%emt 00:00:05]} d4 {[%clk 00:00:35]} {[%emt 00:00:03]} 43. Rxc4
{[%clk 00:00:04]} {[%emt 00:00:09]} Na5 {[%clk 00:00:34]} {[%emt 00:00:03]} 44.
Bxb7+ {[%clk 00:00:05]} {[%emt 00:00:01]} Kxb7 {[%clk 00:00:35]} {[%emt
00:00:01]} 45. Re1 {[%clk 00:00:06]} {[%emt 00:00:01]} Rxh5# {[%clk 00:00:35]}
{[%emt 00:00:02]} 0-1

[Event "Turniej Blitza na II Lidze Juniorów 2018"]
[Site "Szczyrk, Poland"]
[Date "????.??.??"]
[Round "8.37"]
[White "Huchwajda, Katarzyna"]
[Black "Pawlak, Emilia"]
[Result "1-0"]
[TimeControl "3'+2\""]
[WhiteElo "1690"]
[BlackElo "1319"]

1. e4 {[%clk 00:03:03]} c5 {[%clk 00:03:04]} {[%emt 00:00:01]} 2. Nf3 {[%clk
00:03:03]} d6 {[%clk 00:03:05]} 3. d4 {[%clk 00:03:04]} {[%emt 00:00:01]} cxd4
{[%clk 00:03:06]} {[%emt 00:00:01]} 4. Nxd4 {[%clk 00:03:05]} {[%emt 00:00:01]}
Nf6 {[%clk 00:03:07]} {[%emt 00:00:01]} 5. Nc3 {[%clk 00:03:06]} a6 {[%clk
00:03:09]} 6. Bc4 {[%clk 00:03:07]} {[%emt 00:00:02]} e6 {[%clk 00:03:10]}
{[%emt 00:00:01]} 7. Bb3 {[%clk 00:03:07]} {[%emt 00:00:01]} b5 {[%clk
00:03:11]} {[%emt 00:00:01]} 8. a3 {[%clk 00:03:07]} {[%emt 00:00:02]} Be7
{[%clk 00:03:11]} {[%emt 00:00:02]} 9. O-O {[%clk 00:03:07]} {[%emt 00:00:02]}
Bb7 {[%clk 00:03:10]} {[%emt 00:00:03]} 10. f3 {[%clk 00:02:59]} {[%emt
00:00:10]} Nc6 {[%clk 00:03:05]} {[%emt 00:00:07]} 11. Be3 {[%clk 00:02:58]}
{[%emt 00:00:03]} O-O {[%clk 00:03:05]} {[%emt 00:00:03]} 12. Qe1 {[%clk
00:02:49]} {[%emt 00:00:09]} Na5 {[%clk 00:02:59]} {[%emt 00:00:10]} 13. Ba2
{[%clk 00:02:45]} {[%emt 00:00:05]} Rc8 {[%clk 00:02:59]} {[%emt 00:00:02]} 14.
Rd1 {[%clk 00:02:41]} {[%emt 00:00:06]} Nc4 {[%clk 00:02:53]} {[%emt 00:00:08]}
15. Bxc4 {[%clk 00:02:39]} {[%emt 00:00:04]} Rxc4 {[%clk 00:02:52]} {[%emt
00:00:04]} 16. Nb3 {[%clk 00:02:31]} {[%emt 00:00:09]} d5 {[%clk 00:02:34]}
{[%emt 00:00:20]} 17. e5 {[%clk 00:02:27]} {[%emt 00:00:06]} Ne8 {[%clk
00:02:27]} {[%emt 00:00:09]} 18. Rd4 {[%clk 00:02:18]} {[%emt 00:00:11]} Rxd4
{[%clk 00:02:21]} {[%emt 00:00:08]} 19. Nxd4 {[%clk 00:02:15]} {[%emt
00:00:05]} Qd7 {[%clk 00:02:15]} {[%emt 00:00:09]} 20. f4 {[%clk 00:02:13]}
{[%emt 00:00:03]} g6 {[%clk 00:02:04]} {[%emt 00:00:14]} 21. Qg3 {[%clk
00:02:12]} {[%emt 00:00:02]} Nc7 {[%clk 00:02:03]} {[%emt 00:00:03]} 22. Nce2
{[%clk 00:02:04]} {[%emt 00:00:10]} Rc8 {[%clk 00:02:04]} {[%emt 00:00:01]} 23.
c3 {[%clk 00:02:05]} {[%emt 00:00:02]} Bf8 {[%clk 00:02:04]} {[%emt 00:00:01]}
24. f5 {[%clk 00:01:56]} {[%emt 00:00:11]} Kh8 {[%clk 00:01:38]} {[%emt
00:00:28]} 25. fxg6 {[%clk 00:01:45]} {[%emt 00:00:12]} fxg6 {[%clk 00:01:31]}
{[%emt 00:00:10]} 26. Qh3 {[%clk 00:01:45]} {[%emt 00:00:02]} Bg7 {[%clk
00:01:21]} {[%emt 00:00:13]} 27. Nf4 {[%clk 00:01:34]} {[%emt 00:00:12]} Bxe5
{[%clk 00:01:09]} {[%emt 00:00:14]} 28. Nxg6+ {[%clk 00:01:30]} {[%emt
00:00:05]} Kg8 {[%clk 00:00:59]} {[%emt 00:00:13]} 29. Nxe5 {[%clk 00:01:30]}
{[%emt 00:00:02]} Qe7 {[%clk 00:00:51]} {[%emt 00:00:10]} 30. Qg4+ {[%clk
00:01:24]} {[%emt 00:00:07]} Qg7 {[%clk 00:00:46]} {[%emt 00:00:08]} 31. Qxg7+
{[%clk 00:01:09]} {[%emt 00:00:18]} Kxg7 {[%clk 00:00:47]} {[%emt 00:00:01]} 32.
Rf7+ {[%clk 00:01:06]} {[%emt 00:00:02]} Kg6 {[%clk 00:00:35]} {[%emt
00:00:16]} 1-0